[Event "34th Chess Olympiad (women)"]
[Site "Istanbul"]
[Date "2000.11.07"]
[Round "10.11.2"]
[White "Domarkaite, Laima"]
[Black "Radziewicz, Iweta"]
[WhiteElo "2187"]
[BlackElo "2379"]
[WhiteCountry "LTU"]
[BlackCountry "POL"]
[Result "1/2-1/2"]

1. e4 c5 2. Nf3 g6 3. c3 Bg7 4. Bc4 e6 5. O-O Nc6 6. d4 cxd4 7. cxd4 d5 
8. exd5 exd5 9. Bb3 Nge7 10. h3 Be6 11. Nc3 Nf5 12. Bg5 Qa5 13. Ba4 h6 
14. Bf4 O-O 15. Bxc6 bxc6 16. g4 Ne7 17. Be5 h5 18. Bxg7 Kxg7 19. Ng5 hxg4 
20. Nxe6+ fxe6 21. Qxg4 Nf5 22. Ne2 Rf6 23. Rfd1 Rh8 24. Ng3 Qd8 25. Rd3 Kf7 
26. Ne2 Rh4 27. Qg5 Rh5 28. Qg4 Rh4 29. Qg5 Qd6 30. Rf3 Rh5 31. Qg4 Nh6 
32. Rxf6+ Kxf6 33. Qf3+ Rf5 34. Qe3 Nf7 35. Re1 Ng5 36. Ng3 Nf3+ 37. Kf1 Nxe1 
38. Nxf5 Kxf5 39. Kxe1 Qf4 40. Qc3 Qe4+ 41. Kf1 g5 42. a3 e5 43. Qxc6 Qd3+ 
44. Kg2 Qe4+ 45. Kf1 exd4 46. Qc8+ Ke5 47. Qb8+ Ke6 48. Qe8+ Kd6 49. Qd8+ Kc5 
50. Qa5+ Kd6 51. Qd8+ Kc6 52. Qc8+ Kb5 53. Qd7+ Kb6 54. Qa4+ Kd3 55. Qd1+ 
1/2-1/2

[Event "34th Chess Olympiad (women)"]
[Site "Istanbul"]
[Date "2000.11.07"]
[Round "10.11.3"]
[White "Zielinska, Marta"]
[Black "Batyte, Daiva"]
[WhiteElo "2376"]
[BlackElo "2164"]
[WhiteCountry "POL"]
[BlackCountry "LTU"]
[Result "1-0"]

1. d4 Nf6 2. c4 e6 3. Nc3 Bb4 4. Qc2 c5 5. dxc5 Bxc5 6. Bf4 Nc6 7. e3 d5 
8. Rd1 Qa5 9. a3 e5 10. b4 Bxb4 11. axb4 Nxb4 12. Qd2 exf4 13. cxd5 O-O 
14. e4 f3 15. gxf3 Bd7 16. Nge2 Rfe8 17. Bg2 Bb5 18. Nxb5 Qxb5 19. O-O a5 
20. Nd4 Qc5 21. Rc1 Qf8 22. Rc7 b6 23. Nf5 Na6 24. Rc6 Nd7 25. f4 Nac5 
26. Nd6 Red8 27. e5 Ra7 28. Nb5 Rb7 29. d6 Nb8 30. Rxc5 bxc5 31. Bxb7 Nd7 
32. Qxa5 Rb8 33. Qc7 Qd8 34. Qxd8+ Rxd8 35. Rc1 g5 36. Bc6 Nf8 37. f5 
1-0

[Event "34th Chess Olympiad (women)"]
[Site "Istanbul"]
[Date "2000.11.07"]
[Round "10.12.1"]
[White "Babaeva, Fanara"]
[Black "Pokorna, Regina"]
[WhiteElo "2257"]
[BlackElo "2363"]
[WhiteCountry "AZE"]
[BlackCountry "SVK"]
[Result "1/2-1/2"]

1. e4 e5 2. Nf3 Nc6 3. d4 exd4 4. Nxd4 Bc5 5. Nxc6 Qf6 6. Qd2 dxc6 7. Nc3 Bd7 
8. Na4 Be7 9. Qe3 Qe5 10. Bd2 Nf6 11. Bd3 Ng4 12. Qe2 b5 13. Nc3 Bc5 
14. Nd1 Qe7 15. h3 Ne5 16. Be3 O-O 17. O-O f5 18. exf5 Nxd3 19. Qxd3 Bxf5 
20. Qb3+ Kh8 21. Bxc5 Qxc5 22. Ne3 Rae8 23. Rad1 Be6 24. Qd3 Qg5 25. Kh1 Rf6 
26. Rde1 Ref8 27. Re2 Qh4 28. f3 Qf4 29. b3 Rh6 30. Kg1 Rhf6 31. Ng4 Bxg4 
32. hxg4 Rd6 33. Qe4 Qxe4 34. Rxe4 Kg8 35. Re7 Rf7 36. Re8+ Rf8 37. Re7 Rf7 
38. Re8+ Rf8 39. Re7 Rf7 
1/2-1/2

[Event "34th Chess Olympiad (women)"]
[Site "Istanbul"]
[Date "2000.11.07"]
[Round "10.13.1"]
[White "Lagvilava, Genrieta"]
[Black "Reizniece, Dana"]
[WhiteElo "2318"]
[BlackElo "2275"]
[WhiteCountry "BLR"]
[BlackCountry "LAT"]
[Result "1-0"]

1. e4 d6 2. d4 Nf6 3. Nc3 g6 4. Be2 Bg7 5. h4 c5 6. dxc5 Qa5 7. Kf1 Qxc5 
8. Be3 Qa5 9. h5 gxh5 10. Nh3 Nc6 11. Nf4 Ng4 12. Bd2 Qb6 13. Be1 Bxc3 
14. bxc3 Nce5 15. Nd5 Qc5 16. Qd4 Rb8 17. Rxh5 e6 18. Bxg4 Qxd4 19. Nf6+ 
1-0

[Event "34th Chess Olympiad (women)"]
[Site "Istanbul"]
[Date "2000.11.07"]
[Round "10.13.2"]
[White "Voronova, Tatiana"]
[Black "Popova, Natalija"]
[WhiteElo "2278"]
[BlackElo "2297"]
[WhiteCountry "LAT"]
[BlackCountry "BLR"]
[Result "1-0"]

1. e4 c5 2. Nf3 e6 3. c3 d5 4. exd5 exd5 5. d4 Bd6 6. Be2 Ne7 7. dxc5 Bxc5 
8. Nbd2 O-O 9. Nb3 Bb6 10. O-O Nbc6 11. Bg5 Qd6 12. Qd2 h6 13. Be3 Bc7 
14. Rad1 Bg4 15. g3 Qf6 16. Nbd4 Rfd8 17. Rfe1 Bb6 18. Kg2 Bc7 19. Ng1 Bxe2 
20. Qxe2 Rd7 21. Qf3 Be5 22. Qxf6 Bxf6 23. Ngf3 Rad8 24. Re2 Nc8 25. Nf5 N8e7 
26. Nxe7+ Bxe7 27. Red2 Bf6 28. Bc5 b6 29. Bd4 Nxd4 30. Nxd4 Rc8 31. Nf5 Rcd8 
32. Ne3 d4 33. Nc2 d3 34. Ne1 Re8 35. Rxd3 Rxd3 36. Nxd3 Re2 37. Kf3 Re8 
38. Nb4 Rc8 39. Rd7 a5 40. Nd5 Rc6 41. Rb7 a4 42. Rxb6 Rxb6 43. Nxb6 a3 
44. bxa3 Bxc3 45. Ke4 Kf8 46. a4 Ke8 47. Kd5 Kd8 48. Kc6 h5 49. Kb7 Be1 
50. f3 f5 51. Nc4 g5 52. a5 
1-0

[Event "34th Chess Olympiad (women)"]
[Site "Istanbul"]
[Date "2000.11.07"]
[Round "10.13.3"]
[White "Zagorskaya, Tatiana"]
[Black "Berzina, Ilze"]
[WhiteElo "2125"]
[BlackElo "2194"]
[WhiteCountry "BLR"]
[BlackCountry "LAT"]
[Result "0-1"]

1. c4 e5 2. Nc3 Nf6 3. g3 d5 4. cxd5 Nxd5 5. Bg2 Nb6 6. Nf3 Nc6 7. O-O Be7 
8. b3 O-O 9. Bb2 Be6 10. Rc1 f5 11. d3 Bf6 12. Nd2 Qd7 13. Nc4 Rad8 
14. Na4 Nxa4 15. bxa4 e4 16. Bxf6 Rxf6 17. Rc3 Bf7 18. Qb1 Nd4 19. Re1 Bh5 
20. g4 fxg4 21. Bxe4 g3 22. hxg3 Bxe2 23. Ne3 Qh3 24. f4 Qxg3+ 25. Ng2 Bf3 
26. Qb2 Bxg2 27. Bxg2 Qxe1+ 28. Kh2 Rh6+ 29. Bh3 Qe3 
0-1

[Event "34th Chess Olympiad (women)"]
[Site "Istanbul"]
[Date "2000.11.07"]
[Round "10.14.1"]
[White "Arribas, Maritza"]
[Black "Sanchez Castillo, Sarai"]
[WhiteElo "2300"]
[BlackElo "2093"]
[WhiteCountry "CUB"]
[BlackCountry "VEN"]
[Result "1-0"]

1. e4 e6 2. d4 d5 3. e5 c5 4. c3 Nc6 5. Nf3 Bd7 6. Be2 f6 7. O-O fxe5 
8. Nxe5 Nxe5 9. dxe5 Qc7 10. Bh5+ g6 11. Bf3 Bg7 12. Re1 O-O-O 13. Qe2 h6 
14. c4 d4 15. b4 Ne7 16. bxc5 d3 17. Qb2 Nc6 18. Bxc6 Bxc6 19. Bd2 g5 
20. Bc3 Qf7 21. Nd2 Qf5 22. Rf1 h5 23. Rae1 g4 24. Nb3 Rd7 25. Na5 Rc7 
26. Nxc6 Rxc6 27. Rb1 Qf7 28. Rfd1 Rd8 29. Bd4 h4 30. Rxd3 Bxe5 31. Rdd1 Rxd4 
32. Rxd4 Qg7 33. Rbd1 Bxd4 34. Qxd4 Qg8 35. Qd7+ Kb8 36. Qe7 Rc8 37. c6 
1-0

[Event "34th Chess Olympiad (women)"]
[Site "Istanbul"]
[Date "2000.11.07"]
[Round "10.14.2"]
[White "Martinez, Aleidi"]
[Black "Ramon, Vivian"]
[WhiteElo "2181"]
[BlackElo "2294"]
[WhiteCountry "VEN"]
[BlackCountry "CUB"]
[Result "0-1"]

1. e4 e5 2. Bc4 Nf6 3. d3 d6 4. Nf3 h6 5. c3 Nc6 6. O-O g6 7. a4 Bg7 8. b4 O-O 
9. Re1 Nh5 10. Qb3 Bg4 11. Nbd2 Nf4 12. h3 Bd7 13. Nf1 Qf6 14. N1h2 h5 
15. Bxf4 Qxf4 16. h4 Bh6 17. Rad1 Rae8 18. a5 a6 19. Bd5 Re7 20. Re2 Qf6 
21. Ree1 Bf4 22. g3 Bh6 23. Qc2 Kh8 24. Qe2 Nd8 25. d4 Nc6 26. Bxc6 Bxc6 
27. dxe5 dxe5 28. Nf1 Bb5 29. c4 Bxc4 30. Qxc4 Qxf3 31. Rd3 Qf6 32. Red1 c6 
33. Qc5 Rfe8 34. Rd6 Qf3 35. Qc4 Qg4 36. Nh2 Qc8 37. Nf3 Kg7 38. Kg2 Rc7 
39. Qd3 c5 40. bxc5 Rxc5 41. Rd7 Rb5 42. Ng5 Bxg5 43. hxg5 Kg8 44. Qf3 Rf8 
45. Qf6 Qc6 46. Rd8 Qxf6 47. gxf6 Rxd8 48. Rxd8+ Kh7 49. Rd7 g5 50. Rxf7+ Kg6 
51. Rf8 g4 52. Kf1 Rxa5 53. Rb8 Rb5 54. Rf8 Rb2 55. f7 Kg7 56. Re8 Kxf7 
57. Rxe5 Rb5 58. Rxb5 axb5 59. f4 gxf3 60. Kf2 b4 
0-1

[Event "34th Chess Olympiad (women)"]
[Site "Istanbul"]
[Date "2000.11.07"]
[Round "10.14.3"]
[White "Delgado, Crespo Mairelys"]
[Black "Sanchez, Aliris"]
[WhiteElo "2207"]
[BlackElo "2000"]
[WhiteCountry "CUB"]
[BlackCountry "VEN"]
[Result "1-0"]

1. e4 c5 2. Nf3 d6 3. d4 cxd4 4. Nxd4 Nf6 5. Nc3 a6 6. Bc4 e6 7. Bb3 Qc7 
8. O-O Be7 9. Be3 O-O 10. f4 Nc6 11. Qf3 Nxd4 12. Bxd4 e5 13. Be3 exf4 
14. Bxf4 Be6 15. Kh1 b5 16. Bxe6 fxe6 17. Qh3 Qc4 18. b3 Qc8 19. Bg5 e5 
20. Qd3 Qe6 21. Bxf6 Bxf6 22. a4 b4 23. Nd5 Ra7 24. Nxb4 a5 25. Nc6 Raa8 
26. Rad1 Be7 27. Nxe7+ Qxe7 28. Qd5+ Kh8 29. Rxf8+ Rxf8 30. Qxa5 h6 31. Qb6 Qg5 
32. Qxd6 Qf4 33. Qd3 
1-0

[Event "34th Chess Olympiad (women)"]
[Site "Istanbul"]
[Date "2000.11.07"]
[Round "10.15.1"]
[White "Hamid, Rani"]
[Black "Uskova, Fliura"]
[WhiteElo "2106"]
[BlackElo "2285"]
[WhiteCountry "BAN"]
[BlackCountry "KAZ"]
[Result "1/2-1/2"]

1. e4 c5 2. Nf3 e6 3. d4 cxd4 4. Nxd4 a6 5. Bd3 Nf6 6. O-O d6 7. Qe2 Be7 
8. Kh1 Nbd7 9. f4 Qc7 10. Nc3 O-O 11. Bd2 Nc5 12. e5 Nfd7 13. Rae1 Nxd3 
14. cxd3 dxe5 15. fxe5 Bh4 16. g3 Be7 17. Nf3 b5 18. Bf4 Bb7 19. Ne4 Qb6 
20. h3 Rad8 21. Kh2 Bxe4 22. Qxe4 Nc5 23. Be3 Qb7 24. Qxb7 Nxb7 25. d4 Na5 
26. Re2 Nc4 27. Bc1 h6 28. b3 Nb6 29. Rc2 Rc8 30. Rff2 Nd5 31. Ne1 Nb4 
32. Rxc8 Rxc8 33. Ba3 Kf8 34. Bxb4 Bxb4 35. Rc2 
1/2-1/2

[Event "34th Chess Olympiad (women)"]
[Site "Istanbul"]
[Date "2000.11.07"]
[Round "10.15.2"]
[White "Klink, Tamara"]
[Black "Sultana, Zakia"]
[WhiteElo "2336"]
[BlackElo "2044"]
[WhiteCountry "KAZ"]
[BlackCountry "BAN"]
[Result "1-0"]

1. e4 e6 2. d4 d5 3. Nc3 Nf6 4. Bg5 dxe4 5. Nxe4 Be7 6. Bxf6 Bxf6 7. Nf3 Nd7 
8. Bd3 b6 9. Nxf6+ Qxf6 10. Be4 Rb8 11. Qd3 Qe7 12. O-O-O Nf6 13. Bc6+ Bd7 
14. Ne5 O-O 15. Qg3 Bc8 16. Rhe1 Qd6 17. c4 a5 18. Re3 Ba6 19. Rf3 Nh5 
20. Qh4 g6 21. g4 f6 22. gxh5 fxe5 23. hxg6 Rxf3 24. Qxh7+ Kf8 25. g7+ 
1-0

[Event "34th Chess Olympiad (women)"]
[Site "Istanbul"]
[Date "2000.11.07"]
[Round "10.15.3"]
[White "Khan, Nazrana"]
[Black "Sergeeva, Maria"]
[WhiteElo "2000"]
[BlackElo "2277"]
[WhiteCountry "BAN"]
[BlackCountry "KAZ"]
[Result "0-1"]

1. d4 Nf6 2. c4 g6 3. Nc3 Bg7 4. Nf3 d6 5. e3 O-O 6. Be2 Nbd7 7. O-O e5 
8. Qc2 c6 9. b3 Re8 10. Ba3 Nf8 11. Rad1 e4 12. Nd2 Bf5 13. h3 h5 14. Rfe1 N8h7 
15. Nf1 h4 16. Nh2 Qd7 17. Kh1 Ng5 18. Rg1 Ngh7 19. Rd2 Rad8 20. Bb2 g5 
21. Qd1 a6 22. g4 hxg3 23. Rxg3 Bxh3 24. Ng4 Nxg4 25. Bxg4 Bxg4 26. Rxg4 f5 
27. Rg2 g4 28. Kg1 Ng5 29. Kf1 Nf3 30. Rc2 Qf7 31. Ne2 Qh5 32. Nf4 Qh4 
33. Ke2 Bh6 34. d5 Bxf4 35. exf4 Qh3 36. Rg3 Qh2 37. Ke3 c5 38. Rc1 Rd7 
39. Qc2 Qh6 40. Rd1 Ne5 41. Qb1 Nd3 42. Rxd3 exd3+ 43. Kxd3 Qxf4 44. Qf1 Rde7 
45. Qg2 Re1 46. b4 Rd1+ 47. Kc2 Qd2+ 48. Kb3 Qxb4+ 49. Kc2 Rd2+ 
0-1

[Event "34th Chess Olympiad (women)"]
[Site "Istanbul"]
[Date "2000.11.07"]
[Round "10.16.2"]
[White "Te-Lallemand, Rosa"]
[Black "Hahn, Anna"]
[WhiteElo "2289"]
[BlackElo "2257"]
[WhiteCountry "FRA"]
[BlackCountry "USA"]
[Result "1/2-1/2"]

1. e4 c5 2. Nf3 Nc6 3. d4 cxd4 4. Nxd4 e5 5. Nb5 d6 6. N1c3 a6 7. Na3 b5 
8. Nd5 Nce7 9. c4 Nxd5 10. Qxd5 Be6 11. Qd1 bxc4 12. Bxc4 Nf6 13. O-O Be7 
14. Qe2 Qb6 15. Bg5 Bg4 16. Qd3 O-O 17. Bxf6 Bxf6 18. Bd5 Rac8 19. Nc4 Qb8 
20. Nxd6 Rcd8 21. Nc4 Bd7 22. a4 Qb4 23. b3 Bc8 24. Rfd1 Kh8 25. Qe3 Rde8 
26. a5 Bd8 27. Rdc1 f5 28. exf5 Rxf5 29. Qd3 Bg5 30. Ne3 Rff8 31. Rc4 Qe7 
32. Rac1 Qf6 33. Qe2 Rd8 34. Be4 Bd7 35. Bc6 Be6 36. R4c3 Qf7 37. Be4 Bxb3 
38. Rc7 Qf6 39. R7c6 Rd6 40. Ng4 Qe7 41. Ne3 Rxc6 42. Rxc6 Qb4 
1/2-1/2

[Event "34th Chess Olympiad (women)"]
[Site "Istanbul"]
[Date "2000.11.07"]
[Round "10.16.3"]
[White "Shahade, Jennifer"]
[Black "Muller, Anne"]
[WhiteElo "2238"]
[BlackElo "2135"]
[WhiteCountry "USA"]
[BlackCountry "FRA"]
[Result "1-0"]

1. e4 c5 2. Nf3 d6 3. d4 cxd4 4. Nxd4 Nf6 5. Nc3 Nc6 6. Bg5 e6 7. Qd2 a6 
8. O-O-O h6 9. Be3 Bd7 10. f4 Be7 11. Be2 b5 12. Bf3 Rc8 13. g4 Nxd4 
14. Qxd4 Qc7 15. e5 dxe5 16. fxe5 Nd5 17. Bxd5 exd5 18. Rd2 Qc4 19. Qa7 b4 
20. Nxd5 Bd8 21. Nf6+ gxf6 22. Qxd7+ Kf8 23. b3 Qc3 24. Bd4 Qc6 25. Qxc6 Rxc6 
26. Rf1 f5 27. Be3 Bc7 28. Rxf5 Re6 29. Rd7 Bxe5 30. Rdxf7+ Ke8 31. Ra7 Bc3 
32. Bd2 Re2 33. Bxc3 bxc3 34. Rf1 Rd2 35. Ra8+ Rd8 36. Rxd8+ Kxd8 37. Rf3 Rg8 
38. Rxc3 Rxg4 39. Rh3 Rg6 40. Kb2 Kc7 41. b4 Kb6 42. Rh5 Rf6 43. Kb3 Rd6 
44. a4 Rf6 45. a5+ Kc6 46. c4 Re6 47. b5+ axb5 48. cxb5+ Kb7 49. Kb4 Rf6 
50. Kc5 Rg6 51. a6+ 
1-0

[Event "34th Chess Olympiad (women)"]
[Site "Istanbul"]
[Date "2000.11.07"]
[Round "10.17.1"]
[White "Misanovic, Vesna"]
[Black "Batceceg, Tuvshintogs"]
[WhiteElo "2384"]
[BlackElo "2237"]
[WhiteCountry "BIH"]
[BlackCountry "MGL"]
[Result "1/2-1/2"]

1. d4 d5 2. Nf3 Nf6 3. e3 Bf5 4. c4 c6 5. cxd5 cxd5 6. Nc3 e6 7. Nh4 Bg6 
8. Qb3 Qd7 9. Bb5 Nc6 10. Bd2 Bd6 11. Rc1 O-O 12. Nxg6 hxg6 13. O-O Rfc8 
14. Na4 Ne4 15. Be1 Qc7 16. g3 Qe7 17. f3 Nf6 18. Rf2 Rc7 19. Rfc2 Rac8 
20. Nc5 Bxc5 21. Rxc5 g5 22. g4 a6 23. Bd3 Ne8 24. Bg3 Na5 25. Qb6 Rxc5 
26. Rxc5 Rxc5 27. dxc5 Nc4 28. Bxc4 dxc4 29. c6 bxc6 30. Qxc6 Nf6 31. Qxc4 Qb7 
32. Qe2 Nd5 33. e4 Nf4 34. Bxf4 gxf4 35. Qd2 Qb6+ 36. Kf1 e5 37. h4 Qf6 
38. h5 Qh4 39. Qc3 f6 40. Ke2 Qh2+ 41. Kd3 Qf2 42. Kc4 Kh7 43. a4 Kh6 
44. b4 Qa2+ 45. Qb3 Qe2+ 46. Qd3 Qa2+ 47. Qb3 Qe2+ 48. Kd5 Qe3 49. Qd1 Qb6 
50. Kc4 Qc6+ 51. Kb3 Kg5 52. Qd3 Kh4 53. b5 Qb6 54. Qd7 axb5 55. Qxg7 bxa4+ 
56. Kxa4 Qa6+ 57. Kb4 Qb6+ 58. Ka4 
1/2-1/2

[Event "34th Chess Olympiad (women)"]
[Site "Istanbul"]
[Date "2000.11.07"]
[Round "10.17.2"]
[White "Mongontuul, Bathuyang"]
[Black "Titova-Boric, Elena"]
[WhiteElo "2110"]
[BlackElo "2207"]
[WhiteCountry "MGL"]
[BlackCountry "BIH"]
[Result "0-1"]

1. e4 Nf6 2. e5 Nd5 3. d4 d6 4. Nf3 Bg4 5. Be2 c6 6. O-O Bxf3 7. Bxf3 dxe5 
8. dxe5 e6 9. c4 Ne7 10. Qe2 Ng6 11. Nc3 Nd7 12. Be4 Nc5 13. f4 Nxe4 
14. Nxe4 Qd4+ 15. Kh1 Rd8 16. Bd2 Qd3 17. Qxd3 Rxd3 18. Bc3 Nh4 19. Rad1 Rxd1 
20. Rxd1 Nf5 21. Rd3 h5 22. c5 Be7 23. Nd6+ Bxd6 24. exd6 Kd7 25. a4 b6 
26. Bb4 Rb8 27. b3 a5 28. Ba3 f6 29. g3 bxc5 30. Bxc5 Rb7 31. Kg2 e5 
32. Kf3 Nd4+ 33. Bxd4 exd4 34. Ke4 Rb4 35. f5 Kxd6 36. h3 c5 37. g4 hxg4 
38. hxg4 Rb7 39. Rh3 Re7+ 40. Kd3 Kd5 41. Rh7 Rb7 42. Kc2 c4 43. bxc4+ Kxc4 
44. Kd2 d3 45. Rh3 Rb2+ 46. Kc1 Rg2 
0-1

[Event "34th Chess Olympiad (women)"]
[Site "Istanbul"]
[Date "2000.11.07"]
[Round "10.17.3"]
[White "Dengler, Dijana"]
[Black "Anhchimeg, Bayanmonh"]
[WhiteElo "2120"]
[BlackElo "2139"]
[WhiteCountry "BIH"]
[BlackCountry "MGL"]
[Result "1-0"]

1. d4 d5 2. Nf3 Nf6 3. e3 Bg4 4. c4 e6 5. Qb3 Qc8 6. Ne5 Bf5 7. Nc3 c6 
8. cxd5 exd5 9. Bd2 Be7 10. Rc1 Nbd7 11. f3 O-O 12. Be2 Bd6 13. f4 Ne4 
14. Nxe4 Bxe4 15. O-O f6 16. Nd3 Nb6 17. Nf2 Kh8 18. a4 Qd7 19. a5 Nc8 
20. Nxe4 dxe4 21. Bc4 f5 22. Be6 Qc7 23. Kh1 Ne7 24. Rg1 Rab8 25. g4 b6 
26. a6 Rbe8 27. d5 Bc5 28. Bc3 Nxd5 29. Bxd5 cxd5 30. gxf5 Re7 31. Rg3 Rd7 
32. Be5 Qd8 33. Rcg1 Rff7 34. Qc2 Bf8 35. Qc3 Kg8 36. f6 g6 37. f5 d4 
38. exd4 Rxf6 39. Bxf6 Qxf6 40. fxg6 h6 41. Qc8 Qd8 42. g7 Be7 43. Qc6 Rd6 
44. Qxe4 Bg5 45. Rf3 Kxg7 46. h4 Rxd4 47. Qe5+ Kg8 48. Qe6+ Kh8 49. hxg5 
1-0

[Event "34th Chess Olympiad (women)"]
[Site "Istanbul"]
[Date "2000.11.07"]
[Round "10.18.1"]
[White "Klinova, Masha"]
[Black "Koskoska, Gabriela"]
[WhiteElo "2350"]
[BlackElo "2219"]
[WhiteCountry "ISR"]
[BlackCountry "FRM"]
[Result "1/2-1/2"]

1. e4 c5 2. Nf3 e6 3. c4 Nc6 4. Be2 Nge7 5. Nc3 Nd4 6. Nxd4 cxd4 7. Nb5 Nc6 
8. O-O Be7 9. d3 O-O 10. f4 a6 11. Na3 d6 12. Nc2 f5 13. exf5 Rxf5 14. b4 e5 
15. Bf3 Rf8 16. Bd5+ Kh8 17. Be4 Bf5 18. Qf3 Qd7 19. Bd2 Bxe4 20. Qxe4 b5 
21. fxe5 dxe5 22. c5 a5 23. Rxf8+ Rxf8 24. a3 a4 25. Ne1 Qf5 26. Qxf5 Rxf5 
27. g4 Rf8 28. Kg2 Kg8 29. Nf3 Kf7 30. Be1 g6 31. Bg3 Bf6 32. Rf1 Ke7 
33. g5 Bg7 34. Re1 Ke6 35. Nd2 Ne7 36. Re4 Kd5 37. Nf3 Nc6 38. h4 Re8 
39. Kh3 Rf8 40. Kg2 Re8 41. Nd2 h5 42. Re2 Ne7 43. Ne4 
1/2-1/2

[Event "34th Chess Olympiad (women)"]
[Site "Istanbul"]
[Date "2000.11.07"]
[Round "10.18.2"]
[White "Sekulovska, Vesna"]
[Black "Pitam, Ela"]
[WhiteElo "2120"]
[BlackElo "2323"]
[WhiteCountry "FRM"]
[BlackCountry "ISR"]
[Result "1-0"]

1. d4 d5 2. c4 e6 3. Nc3 Nf6 4. cxd5 exd5 5. Bg5 c6 6. Qc2 Nbd7 7. e3 Be7 
8. Bd3 O-O 9. Nf3 Re8 10. h3 Nf8 11. Bf4 Ng6 12. Bh2 Be6 13. O-O Nd7 14. a3 a5 
15. Ne5 Ndxe5 16. dxe5 Bf8 17. Rad1 Qb6 18. Kh1 Bd7 19. f4 Rad8 20. Bg1 Qa7 
21. e4 d4 22. Be2 c5 23. Nd5 Bc6 24. Bc4 b5 25. Ba2 a4 26. Qe2 Qb7 27. Qg4 Rxd5 
28. exd5 Bxd5 29. Bxd5 Qxd5 30. h4 h5 31. Qxh5 Qd8 32. Bh2 d3 33. e6 Rxe6 
34. f5 Qd5 35. Qf3 
1-0

[Event "34th Chess Olympiad (women)"]
[Site "Istanbul"]
[Date "2000.11.07"]
[Round "10.18.3"]
[White "Borsuk, Angela"]
[Black "Kierzek, Mira"]
[WhiteElo "2303"]
[BlackElo "2028"]
[WhiteCountry "ISR"]
[BlackCountry "FRM"]
[Result "1-0"]

1. Nf3 Nf6 2. g3 g6 3. Bg2 Bg7 4. O-O O-O 5. c4 d5 6. cxd5 Nxd5 7. Nc3 c6 
8. d4 Nd7 9. e4 Nxc3 10. bxc3 Qa5 11. Bd2 Qc7 12. Qc1 Re8 13. Bh6 Bh8 
14. e5 Nf8 15. Re1 Bd7 16. Qb2 Ne6 17. Rab1 b6 18. c4 Rad8 19. Rbd1 Bc8 
20. h4 Ng7 21. d5 c5 22. Qc1 Bf5 23. Nh2 Bc8 24. g4 Bd7 25. Qf4 Qc8 26. Be4 a6 
27. h5 Rf8 28. Bg5 Rde8 29. h6 Nh5 30. gxh5 f6 31. hxg6 hxg6 32. Bxg6 fxe5 
33. Qh4 Bf6 34. Bxe8 Qxe8 35. Bxf6 exf6 36. Qg3+ 
1-0

[Event "34th Chess Olympiad (women)"]
[Site "Istanbul"]
[Date "2000.11.07"]
[Round "10.19.1"]
[White "Milligan, Helen"]
[Black "Medic, Mirjana"]
[WhiteElo "2123"]
[BlackElo "2294"]
[WhiteCountry "SCO"]
[BlackCountry "CRO"]
[Result "0-1"]

1. e4 e6 2. d4 d5 3. Nc3 dxe4 4. Nxe4 Bd7 5. Nf3 Bc6 6. Bd3 Nd7 7. c3 Bxe4 
8. Bxe4 c6 9. O-O Ngf6 10. Bc2 Bd6 11. Re1 Qc7 12. Qe2 O-O 13. Ne5 h6 
14. Bf4 Rfe8 15. Bg3 Nf8 16. Rad1 Rad8 17. Ng4 Nxg4 18. Qxg4 Bxg3 19. Qxg3 Qb6 
20. Bb3 a5 21. Qe3 a4 22. Bxa4 Qxb2 23. Bb3 Qa3 24. f4 Qa5 25. Qf3 Nd7 
26. Re3 g6 27. Rde1 Kg7 28. h4 h5 29. R1e2 Nf6 30. Re5 Qc7 31. Re1 Ng4 
32. Rc5 Rc8 33. Bd1 b6 34. Rc4 Qd6 35. Qg3 Nf6 36. Bf3 c5 37. Ra4 b5 
38. Ra5 Qb6 39. Ra3 cxd4 40. cxd4 Qxd4+ 41. Kh1 Rc4 42. Rb3 b4 43. Rd1 Qxf4 
44. Qxf4 Rxf4 45. g3 Rc4 46. Rdb1 Rec8 47. Rxb4 Rxb4 48. Rxb4 Rc1+ 49. Kg2 Rc2+ 
50. Kf1 Rxa2 51. Be2 Nd5 52. Rb7 Ne3+ 53. Ke1 Kf6 54. Rc7 Nd5 55. Rb7 Nc3 
56. Bf3 Nd5 57. Be2 Ne3 58. Rb3 Nf5 59. Rc3 Ke5 60. Kf1 Nd4 61. Bc4 Rc2 
62. Re3+ Kd6 63. Bd3 Rc3 64. Kf2 e5 65. Be4 Rxe3 66. Kxe3 f5 67. Bb1 Ne6 
68. Kf3 e4+ 69. Ke3 Ke5 70. Ba2 Kf6 71. Bb3 g5 72. hxg5+ Nxg5 73. Bd1 Kg6 
74. Bb3 Nf3 75. Kf4 Nd4 76. Bd1 Nc6 77. Ba4 Ne7 78. Bb3 Kf6 79. Bc4 Ng6+ 
80. Ke3 h4 81. gxh4 Nxh4 82. Bb3 Ke5 83. Bd1 f4+ 84. Kf2 Kd4 85. Bg4 Ng6 
86. Ke2 Ne5 87. Bh5 f3+ 88. Ke1 Ke3 89. Be8 Ng4 90. Bb5 Nh2 
0-1

[Event "34th Chess Olympiad (women)"]
[Site "Istanbul"]
[Date "2000.11.07"]
[Round "10.19.2"]
[White "Macek, Vlasta"]
[Black "Rutherford, Elaine"]
[WhiteElo "2277"]
[BlackElo "2050"]
[WhiteCountry "CRO"]
[BlackCountry "SCO"]
[Result "1/2-1/2"]

1. d4 d5 2. c4 e6 3. Nf3 Nf6 4. g3 c6 5. Qc2 Nbd7 6. Bg2 Bd6 7. O-O O-O 
8. Rd1 Qe7 9. Nbd2 Re8 10. e4 dxe4 11. Nxe4 Nxe4 12. Qxe4 e5 13. dxe5 Nxe5 
14. Nxe5 Bxe5 15. Bf4 Bf6 16. Qxe7 Bxe7 17. Be5 Bg4 18. f3 Bf5 19. Bf1 Bc2 
20. Rd2 Bc5+ 21. Kg2 Rxe5 22. Rxc2 Rd8 23. b3 Re3 24. Rb1 a5 25. Rbb2 f6 
26. Rd2 Bd4 27. Rbc2 b6 28. Re2 f5 29. f4 Rde8 
1/2-1/2

[Event "34th Chess Olympiad (women)"]
[Site "Istanbul"]
[Date "2000.11.07"]
[Round "10.19.3"]
[White "Wilman, Carey"]
[Black "Jelica, Mara"]
[WhiteElo "2066"]
[BlackElo "2192"]
[WhiteCountry "SCO"]
[BlackCountry "CRO"]
[Result "0-1"]

1. d4 Nf6 2. Nf3 g6 3. Bf4 Bg7 4. Nc3 d5 5. e3 c6 6. Bd3 O-O 7. h3 Nbd7 
8. O-O Re8 9. e4 dxe4 10. Nxe4 Qb6 11. Rb1 Nd5 12. Bc1 Qc7 13. Qd2 e5 
14. c4 Nf4 15. Nxe5 Nxd3 16. Qxd3 Nxe5 17. dxe5 Qxe5 18. Ng3 Be6 19. Be3 Qa5 
20. a3 b5 21. cxb5 Qxb5 22. Qxb5 cxb5 23. b4 Ba2 24. Rbd1 Bc4 25. Rfe1 Bc3 
26. Bd2 Rxe1+ 27. Bxe1 Be5 28. Ne4 Bb3 29. Rd7 Be6 30. Rd1 Rc8 31. Nc5 Ba2 
32. Rd7 a6 33. Rd2 Bc4 34. Rd7 a5 35. Rd1 a4 36. g3 Bb2 37. Kg2 Re8 38. Rb1 Re2 
39. Rd1 f6 40. Rd8+ Kf7 41. Rd7+ Re7 42. Rd1 Re2 43. Rd7+ Ke8 44. Rd1 Bxa3 
0-1

[Event "34th Chess Olympiad (women)"]
[Site "Istanbul"]
[Date "2000.11.07"]
[Round "10.20.3"]
[White "Bashkite, Viktoria"]
[Black "Espallardo, Christine"]
[WhiteElo "2052"]
[BlackElo "2000"]
[WhiteCountry "EST"]
[BlackCountry "PHI"]
[Result "1/2-1/2"]

1. Nf3 Nf6 2. g3 g6 3. b3 Bg7 4. Bb2 O-O 5. Bg2 d6 6. d4 c6 7. O-O a6 8. c4 b5 
9. Nbd2 Bb7 10. Qc2 Nbd7 11. e4 bxc4 12. bxc4 e6 13. Rab1 c5 14. d5 Rb8 
15. dxe6 fxe6 16. Qd3 Qc7 17. Ng5 Rfe8 18. Bh3 Nf8 19. f4 h6 20. e5 Qc6 
21. Ngf3 Ne4 22. exd6 Qxd6 23. Qxd6 Nxd6 24. Be5 Bxf3 25. Nxf3 Rxb1 
26. Rxb1 Nxc4 27. Bxg7 Kxg7 28. Rc1 Nb6 29. Rxc5 Nfd7 30. Rc6 Kf7 31. Kf2 a5 
32. Bf1 Rc8 33. Bb5 Rxc6 34. Bxc6 Ke7 35. Be4 Kf6 36. Bc2 Nc4 37. Nd4 e5 
38. fxe5+ Ndxe5 39. h3 g5 
1/2-1/2

[Event "34th Chess Olympiad (women)"]
[Site "Istanbul"]
[Date "2000.11.07"]
[Round "10.21.1"]
[White "Agrest, Svetlana"]
[Black "Fierro, Martha"]
[WhiteElo "2210"]
[BlackElo "2338"]
[WhiteCountry "SWE"]
[BlackCountry "ECU"]
[Result "1/2-1/2"]

1. e4 d5 2. exd5 Qxd5 3. Nc3 Qa5 4. Bc4 Nf6 5. d3 c6 6. Bd2 Bf5 7. Nd5 Qd8 
8. Nxf6+ gxf6 9. Ne2 Nd7 10. Ng3 Bg6 11. f4 f5 12. h4 h5 13. Qe2 Qc7 
14. O-O-O O-O-O 15. Qf2 Bh6 16. Ne2 Kb8 17. Kb1 Nf6 18. Bc3 Ng4 
1/2-1/2

[Event "34th Chess Olympiad (women)"]
[Site "Istanbul"]
[Date "2000.11.07"]
[Round "10.21.3"]
[White "Johansson, Victoria"]
[Black "Vasquez, Rocio"]
[WhiteElo "2152"]
[BlackElo "2235"]
[WhiteCountry "SWE"]
[BlackCountry "ECU"]
[Result "0-1"]

1. d4 d5 2. c4 e6 3. Nc3 Nf6 4. cxd5 exd5 5. Bg5 Be7 6. e3 c6 7. Qc2 Bg4 
8. Bd3 Nbd7 9. Nge2 Bh5 10. O-O Bg6 11. f3 O-O 12. e4 dxe4 13. fxe4 c5 
14. d5 Nxd5 15. Nxd5 Bxg5 16. Rad1 Qa5 17. Nec3 Ne5 18. Qf2 Nxd3 19. Rxd3 c4 
20. Rd4 b5 21. Qg3 Bd8 22. Kh1 b4 23. Nd1 Bxe4 24. Nxb4 Bc7 25. Qe1 Qh5 
26. h4 Qe5 
0-1